000 01049nam a22002657a 4500
005 20170123164142.0
010 _aB-124098
020 _c120.00
_a81887378573
035 _aB-124098
037 _bCen Lib/Ret
040 _aDPL
_bPN
082 _a
_bਸ਼ਰਦ
100 _aਸ਼ਰਦ ਸਿੰਘ
_92233
245 _a ਗਿੱਲਾ ਹਨੇਰਾ /
_cਸ਼ਰਦ ਸਿੰਘ ; ਅਨੁਵਾਦ ਧਰਮਪਾਲ ਸਾਹਿਲ
246 _aGilla hanera/
_bby Sharad Singh ; auuvad Dharmpal Sahil
260 _aਪੰਜਾਬ
_bਪੰਜਾਬ ਉਡਾਨ ਪਬਲੀਕੇਸ਼ਨਜ਼
_c2005
270 _aਵਾਟਰ ਵਰਕਸ ਰੋਡ
_bਪੰਜਾਬ
_e151505
300 _a108p ;
_c20cm
650 _aਪੰਜਾਬੀ ਕਹਾਣੀਆ
_9118510
650 _aਪੰਜਾਬੀ ਸਾਹਿਤਯ
_9118511
650 _aPunjabi - literature
_9781
650 _aPunjabi - Punjabi - story
_9118512
700 _aਧਰਮਪਾਲ ਸਾਹਿਲ
_9118513
942 _2ddc
_cPN
_h
_mਸ਼ਰਦ
999 _c109760
_d109760